Focus sur: Dori - Tolkien - Statistiques

Statistiques générales
  • Ce quiz a été pris 12 fois
  • Le résultat moyen est 7 sur 8
Statistiques - réponses
Informations recherchées Réponses % Correct
Couleur des cheveux Blanc
100%
Groupe auquel il appartient Compagnie de Thorin
100%
Royaume Erebor
100%
Première apparition Le Hobbit
100%
Espèce Nain
100%
Ages durant lequel il vécut Troisième/Quatrième?
100%
Frère Nori
83%
Acteur l'interprétant dans les films Mark Hadlow
17%
Aucun quiz correspondant
Distribution des résultats
% des personnes avec chaque résultat
Percentile par nombre de réponses
Votre historique - résultats
Vous n’avez pas pris ce quiz